Ausgewählte Themenbereiche der Kommunikation

Salvato in:
Dettagli Bibliografici
Autore principale: Olejárová, Miriam
Natura: Libro
Lingua:tedesco
Pubblicazione: Banská Bystrica Univerzita Mateja Bela, Ekonomická fakulta v Banskej Bystrici 2007
Soggetti:
Tags: Aggiungi Tag
Nessun Tag, puoi essere il primo ad aggiungerne!!

MARC

LEADER 00000nam$a2200000$$$4500
001 0075066
005 20220928095009.4
020 |a 978-80-8083-509-5 
041 0 |a ger 
044 |a SK 
245 1 0 |a Ausgewählte Themenbereiche der Kommunikation  |c Miriam Olejárová 
264 1 |a Banská Bystrica  |b Univerzita Mateja Bela, Ekonomická fakulta v Banskej Bystrici  |c 2007 
300 |a 107 s. 
610 2 0 |a komunikácia 
610 2 0 |a prejavy 
610 2 0 |a prednášky 
610 2 0 |a spoločnosť 
610 2 0 |a telefón 
610 2 0 |a rozhovor 
610 2 0 |a komunikácia neverbálna 
610 2 0 |a vyjednávanie 
610 2 0 |a rokovania obchodné 
610 2 0 |a dohody 
610 2 0 |a jazyky cudzie 
100 1 |a Olejárová, Miriam